000 00793nas a2200253 4500
001 BR8000934
003 BR-BrBNA
005 20231205084144.0
007 ta
008 230509b bl.|||p| |||| 00| 00por d
040 _aBR-BrBNA
_bpor
_cBiblioteca Nacional de Agricultura
041 _a(Pt)
072 _aH20
100 1 _aAita, L.
100 1 _aCosta Neto, J.P. da
245 1 _aEfeito do regime luminoso na esporulacao de tres isolamentos de Septoria nodorum Berk [Fungo; Esporulacao]
_bParte de tese
650 _aDoenca de planta
650 _aFungo
650 _aSeptoriose
650 _aEsporulacao
773 0 _tAgronomia Sulriograndense (Brazil)
_xISSN 0400-8111
_g(1979), v. 15(2) p. 173-178
_wBR8000934
909 _a202311
_bLúcia
_c55
_dLúcia Elande
942 _2AGRIS
_n0
_cANA
999 _c103466
_d103466